000 00927cam a2200217 4500
001 J125545
008 040324n2002 000 0 eng u
035 _a(Sirsi) u125545
041 _aeng
050 _a333.0062
_c18
110 _aRoyal Institution of Chartered Surveyors
_bGovernance and Corporate Management
_94171
245 _aCouncil of RICS England and Wales
_bregions and faculties - joint working
260 _a[S.l.]
_bRICS
_c2002
490 _aRICS Brooke Review
_vEWC/P (03) 18 Appendix A
520 _aThis paper looks at the provision of local specialist support to RICS members and makes proposals involving the role of the faculties and regions. Forms part of the supporting documentation for RICS Brooke Committee meeting 12 January 2004.
650 _aRICS BROOKE REVIEW
650 _aRICS MEMBERSHIP
690 _aRICS NEWS
710 _aRoyal Institution of Chartered Surveyors
_94900
942 _n0
999 _c103433
_d103433